000 00994nam a2200289 i 4500
001 178788
003 ES-MaACL
005 20250804062632.0
008 110629s2001 sp |||| | spa d
020 _a84-89794-45-6
080 _a821.134.2-31"18"
100 1 _aPérez Galdós, Benito,
_d1843-1920
_990871
245 1 0 _aMiau
_b; La incógnita ; Realidad /
_cBenito Pérez Galdós ; [ed. de Domingo Ynduráin].
246 3 8 _aNovelas.
_nVII
260 _aMadrid :
_bFundación José Antonio de Castro,
_c[2001]
300 _aXIX, 867 p. ;
_c23 cm.
490 1 _aBiblioteca Castro
490 1 _aNovelas contemporáneas ;
_v7
700 0 _aYnduráin, Domingo,
_d1943-2003
_9117645
710 2 _aFundación José Antonio de Castro.
_94339
740 3 2 _aLa incógnita.
740 0 2 _aRealidad.
830 0 _aBiblioteca Castro
_9178957
830 0 _aNovelas contemporáneas ;
_v7
_9191030
852 _aES-MaACL
_jP-2008
_z- Enc. tela verde
999 _c178788
_d178788